000 00558nam a2200181Ia 4500
008 100921s9999 xx 000 0 und d
082 _b19281
_a891.463 थ 85
100 _aमंगेशकर गीता.
245 _aमंजिरी.
260 _bप्रिया प्रकाशन, मुंबई.
_c1985
300 _a250
_b---
365 _b55
520 _aललित-कादंबरी.
630 _aमंजिरी.
650 _aललित-कादंबरी.
730 _aमंजिरी.
942 _cBOOK
999 _c768394
_d768391